|
|
|
|
| LEADER |
01261nam a22003257a 4500 |
| 001 |
36174 |
| 003 |
BD-DhAAL |
| 005 |
20250622095522.0 |
| 008 |
211201t2001 a|||| |||| 00| 0 eng d |
| 020 |
|
|
|a 9780022449520
|
| 020 |
|
|
|a 0022449523
|
| 040 |
|
|
|a BD-DhAAL
|d BD-DhAAL
|
| 082 |
|
|
|a 372.6044
|2 20
|
| 245 |
|
|
|a McGraw-Hill language arts /
|c Jan E. Hasbrouck... [et al.].
|
| 260 |
|
|
|a New York, NY :
|b McGraw-Hill School Division,
|c ©2001.
|
| 300 |
|
|
|a 623 pages :
|b illustrations ;
|c 28 cm.
|
| 526 |
|
|
|a BIED
|
| 541 |
|
|
|a Complimentary copy from BIED
|e 36174
|
| 650 |
|
|
|a Language arts (Elementary).
|9 43434
|
| 650 |
|
|
|a English language
|x Grammar
|x Study and teaching (Elementary).
|9 43435
|
| 700 |
|
|
|a Hasbrouck, Jan E.
|9 43436
|
| 700 |
|
|
|a Lubcker, Donna.
|9 43437
|
| 700 |
|
|
|a O'Neal Sharon.
|9 43438
|
| 700 |
|
|
|a Teale, William H.
|9 43439
|
| 700 |
|
|
|a Tinajero, Josefina V.
|9 43440
|
| 700 |
|
|
|a Wood, Karen D.
|9 43441
|
| 852 |
|
|
|a Ayesha Abed Library
|c BIED Collection
|
| 942 |
|
|
|2 ddc
|c BK
|
| 999 |
|
|
|c 43342
|d 43342
|
| 952 |
|
|
|0 0
|1 0
|2 ddc
|4 0
|6 372_604400000000000_MCG
|7 0
|9 69529
|a BRACUL
|b BRACUL
|c GEN
|d 2021-12-01
|e Complimentary copy from BIED
|l 1
|o 372.6044 MCG
|p 3010036174
|r 2025-07-08
|s 2025-07-01
|t 1
|w 2021-12-01
|y BK
|x Transferred from BIED to General Stacks
|